| 000 | 00376nam a2200145Ia 4500 | ||
|---|---|---|---|
| 008 | 231129s1986||||xx |||||||||||||| ||spa|| | ||
| 020 | _a84-85799-19-4 | ||
| 040 | _bspa | ||
| 082 | _a291.22 P962c | ||
| 100 | _aProphet Mark L. | ||
| 245 | 0 | _aLa ciencia de la palabra hablada | |
| 260 | _c1986 | ||
| 264 | _aBaratha | ||
| 942 |
_2ddc _cBKS |
||
| 999 |
_c16621 _d16621 |
||